Normal view MARC view
  • Jack D Ferner

Entry Personal Name

Number of records used in: 2

001 - CONTROL NUMBER

  • control field: 9367

003 - CONTROL NUMBER IDENTIFIER

  • control field: NUST

005 - DATE AND TIME OF LATEST TRANSACTION

  • control field: 20180121171640.0

008 - FIXED-LENGTH DATA ELEMENTS

  • fixed length control field: 180121|| aca||aabn | a|a d

040 ## - CATALOGING SOURCE

  • Original cataloging agency: NUST
  • Transcribing agency: NUST

100 ## - HEADING--PERSONAL NAME

  • Personal name: Jack D Ferner

670 ## - SOURCE DATA FOUND

  • Source citation: Work cat.: (NUST)320957: Jack D Ferner, Successful time management : a self-teaching guide, 1995
© 2023 Central Library, National University of Sciences and Technology. All Rights Reserved.